Selected speeches of the Rt. Honble John Bright, M. P., on public questions / (Record no. 22069)
[ view plain ]
| 000 -LEADER | |
|---|---|
| fixed length control field | 01372cam a22003251 4500 |
| 001 - CONTROL NUMBER | |
| control field | 22069 |
| 003 - CONTROL NUMBER IDENTIFIER | |
| rucl marc code | BD-RjUL |
| 005 - DATE AND TIME OF LATEST TRANSACTION | |
| control field | 20211209000749.0 |
| 008 - FIXED-LENGTH DATA ELEMENTS--GENERAL INFORMATION | |
| fixed length control field | 140306r19101907enk b 000 0 eng |
| 035 ## - SYSTEM CONTROL NUMBER | |
| System control number | (BD-RjUL)22134 |
| System control number | (OCoLC)4078924 |
| 040 ## - CATALOGING SOURCE | |
| Original cataloging agency | DLC |
| Transcribing agency | MiOC |
| Modifying agency | MiOC |
| -- | OCoLC |
| -- | DLC |
| -- | BD-RjUL |
| Language of cataloging | eng |
| 041 ## - LANGUAGE CODE | |
| Language code of text/sound track or separate title | eng |
| 051 ## - LIBRARY OF CONGRESS COPY, ISSUE, OFFPRINT STATEMENT | |
| Classification number | DA565.B8 |
| Item number | A26 |
| 082 00 - DEWEY DECIMAL CLASSIFICATION NUMBER | |
| Classification number | 825.8 |
| Author mark and year | BRS 1910 |
| 100 1# - MAIN ENTRY--PERSONAL NAME | |
| Personal name | Bright, John, |
| Dates associated with a name | 1811-1889. |
| 9 (RLIN) | 68158 |
| 245 00 - TITLE STATEMENT | |
| Title | Selected speeches of the Rt. Honble John Bright, M. P., on public questions / |
| Statement of responsibility, etc. | John Bright. |
| 260 ## - PUBLICATION, DISTRIBUTION, ETC. (IMPRINT) | |
| Place of publication, distribution, etc. | London & Toronto ; |
| Name of publisher, distributor, etc. | J.M. Dent & sons, ltd.; |
| Place of publication, distribution, etc. | New York : |
| Name of publisher, distributor, etc. | E. P. Dutton & co., |
| Date of publication, distribution, etc. | 1907 [reprinted 1910]. |
| 300 ## - PHYSICAL DESCRIPTION | |
| Pagination | xiii, [2], 271 p. ; |
| Size | 18 cm. |
| 490 0# - SERIES STATEMENT | |
| Series statement | Everyman's library. Oratory [no. 252] |
| 500 ## - GENERAL NOTE | |
| General note | "First edition of this edition 1907. Reprinted...1926." |
| General note | Introduction by Joseph Sturge. |
| General note | The text has been taken from Mr. Thorold Rogers' edition of the Speeches and Public addresses, which had the advantage of Mr. Bright's own revision."--p. [xiv] |
| General note | "List of Bright's published speeches, letters, etc.": p. xii. |
| 651 #0 - SUBJECT ADDED ENTRY--GEOGRAPHIC NAME | |
| Geographic name | Great Britain |
| General subdivision | Politics and government |
| Chronological subdivision | 1837-1901. |
| 9 (RLIN) | 10732 |
| 700 1# - ADDED ENTRY--PERSONAL NAME | |
| Personal name | Rogers, James E. Thorold |
| Fuller form of name | (James Edwin Thorold), |
| Dates associated with a name | 1823-1890, |
| Relator term | ed. |
| 942 ## - ADDED ENTRY ELEMENTS (KOHA) | |
| Source of classification or shelving scheme | Dewey Decimal Classification |
| Koha item type | Books |
| Lost status | Source of classification or shelving scheme | Damaged status | Not for loan | Collection code | Permanent Location | Current Location | Shelving location | Date acquired | Source of acquisition | Cost, normal purchase price | Total Checkouts | Full call number | Date last seen | Copy number | Koha item type |
|---|---|---|---|---|---|---|---|---|---|---|---|---|---|---|---|
| Dewey Decimal Classification | Added to bundle | Fiction | Central Library, University of Rajshahi | Central Library, University of Rajshahi | Reading Room | 24/09/1955 | BH.Blackwell.ltd | 35.00 | 825.8 BRS 1910 | 06/03/2014 | C-1 | Books |